书目信息 |
| 题名: |
儿童文学引论
|
|
| 作者: | 王晓玉 主编 | |
| 分册: | ||
| 出版信息: | 北京 高等教育出版社 1997 |
|
| 页数: | 207页 | |
| 开本: | 20cm | |
| 丛书名: | ||
| 单 册: | ||
| 中图分类: | I058 | |
| 科图分类: | ||
| 主题词: | 文学理论--各体 , 创作方法--各体 | |
| 电子资源: | ||
| ISBN: | 7-04-005893-6 | |
| 000 | 00655nam0 2200217 450 | |
| 001 | 0650813905 | |
| 005 | 20070723170709.75 | |
| 010 | @a7-04-005893-6@dCNY7.40 | |
| 100 | @a20061019d1997 km y0chiy0120 ea | |
| 101 | 0 | @achi |
| 102 | @aCN@b110000 | |
| 200 | 1 | @a儿童文学引论@Aer tong wen xue yin lun@f王晓玉主编@Fwang xiao yu zhu bian |
| 210 | @a北京@c高等教育出版社@d1997 | |
| 215 | @a207页@d20cm | |
| 300 | @a教育部师范教育司组织编写小学教师进修高等师范专科小学教育专业教材 | |
| 606 | 0 | @a文学理论@x各体 |
| 606 | 0 | @a创作方法@x各体 |
| 690 | @aI058@v3 | |
| 701 | 0 | @a王晓玉@Awang xiao yu@4主编 |
| 801 | 0 | @aCN@bPFT@c20070723 |
| 905 | @a10447@dI058@e154 | |
| 儿童文学引论/王晓玉主编.-北京:高等教育出版社,1997 |
| 207页;20cm |
| 教育部师范教育司组织编写小学教师进修高等师范专科小学教育专业教材 |
| ISBN 7-04-005893-6:CNY7.40 |
| ● |
| 相关链接 |
|
|
|
|
正题名:儿童文学引论
索取号:I058/154
 
预约/预借
| 序号 | 登录号 | 条形码 | 馆藏地/架位号 | 状态 | 备注 |
| 1 | 0502929 | 205029299 | 密集书库/ [索取号:I058/154] | 在馆 | |
| 2 | 0502930 | 205029306 | 密集书库/ [索取号:I058/154] | 在馆 | |
| 3 | 0502931 | 205029315 | 密集书库/ [索取号:I058/154] | 在馆 | |
| 4 | 0684687 | 206846877 | 库房3/ [索取号:I058/154] | 在馆 | |
| 5 | 0684688 | 206846886 | 库房3/ [索取号:I058/154] | 在馆 | |
| 6 | 0684769 | 206847698 | 库房3/ [索取号:I058/154] | 在馆 | |
| 7 | 0684770 | 206847705 | 库房3/ [索取号:I058/154] | 在馆 | |
| 8 | 0684771 | 206847714 | 库房3/ [索取号:I058/154] | 在馆 | |
| 9 | 0684772 | 206847723 | 库房3/ [索取号:I058/154] | 在馆 | |
| 10 | 0773387 | 207733871 | 库房3/ [索取号:I058/154] | 在馆 | |
| 11 | 0773388 | 207733880 | 库房3/ [索取号:I058/154] | 在馆 | |
| 12 | 0773389 | 207733899 | 库房3/ [索取号:I058/154] | 在馆 | |
| 13 | 0773390 | 207733906 | 库房3/ [索取号:I058/154] | 在馆 | |
| 14 | 0773391 | 207733915 | 库房3/ [索取号:I058/154] | 在馆 | |
| 15 | 0773392 | 207733924 | 库房3/ [索取号:I058/154] | 在馆 | |
| 16 | 0773395 | 207733951 | 库房3/ [索取号:I058/154] | 在馆 | |
| 17 | 0773396 | 207733960 | 库房3/ [索取号:I058/154] | 在馆 | |
| 18 | 0773397 | 207733979 | 库房3/ [索取号:I058/154] | 在馆 | |
| 19 | 0773398 | 207733988 | 库房3/ [索取号:I058/154] | 在馆 | |
| 20 | 0773399 | 207733997 | 库房3/ [索取号:I058/154] | 在馆 | |
| 21 | 0773400 | 207734004 | 库房3/ [索取号:I058/154] | 在馆 | |
| 22 | 0773401 | 207734013 | 库房3/ [索取号:I058/154] | 在馆 | |
| 23 | 0773402 | 207734022 | 库房3/ [索取号:I058/154] | 在馆 | |
| 24 | 0773403 | 207734031 | 库房3/ [索取号:I058/154] | 在馆 | |
| 25 | 0773404 | 207734040 | 库房3/ [索取号:I058/154] | 在馆 | |
| 26 | 0773405 | 207734059 | 库房3/ [索取号:I058/154] | 在馆 | |
| 27 | 0773406 | 207734068 | 库房3/ [索取号:I058/154] | 在馆 | |
| 28 | 0773407 | 207734077 | 库房3/ [索取号:I058/154] | 在馆 | |
| 29 | 0773408 | 207734086 | 库房3/ [索取号:I058/154] | 在馆 | |
| 30 | 0773409 | 207734095 | 库房3/ [索取号:I058/154] | 在馆 | |
| 31 | 0773410 | 207734102 | 库房3/ [索取号:I058/154] | 在馆 | |
| 32 | 0773411 | 207734111 | 库房3/ [索取号:I058/154] | 在馆 | |
| 33 | 0773412 | 207734120 | 库房3/ [索取号:I058/154] | 在馆 | |
| 34 | 0773413 | 207734139 | 库房3/ [索取号:I058/154] | 在馆 | |
| 35 | 0773414 | 207734148 | 库房3/ [索取号:I058/154] | 在馆 | |
| 36 | 0773415 | 207734157 | 库房3/ [索取号:I058/154] | 在馆 | |
| 37 | 0782377 | 207823774 | 密集书库/ [索取号:I058/154] | 在馆 | |
| 38 | 0787846 | 207878466 | 密集书库/ [索取号:I058/154] | 在馆 | |
| 39 | 0788285 | 207882852 | 密集书库/ [索取号:I058/154] | 在馆 | |
| 40 | 0788747 | 207887474 | 密集书库/ [索取号:I058/154] | 在馆 |